00442nam a2200157Ia 45000010006000000050017000060080041000230410008000640820015000721000041000872450103001282600009002313000028002406500008002686540008002762030720260306172756.0260306t2004||||xx |||||||||||||| ||spa|| aESP a343.1bT44 aDiaz Revorio, F. Javier (Comp.)eAUT 0aTextos constitucionales históricos:bel constitucionalismo europeo y americano en sus documentos c2004 a693 páginas :c24 cm. aGEN aCDE